| 000 | 01199cam a2200361 a 4500 | ||
|---|---|---|---|
| 001 | 2357 | ||
| 003 | FISKH | ||
| 005 | 20231120091420.0 | ||
| 008 | 021107s2002 enka c 000 1 eng | ||
| 010 | _a 2002489613 | ||
| 020 | _a0385603088 | ||
| 020 | _a9780440864806 | ||
| 035 | _a(UkLWHE)e000574087 | ||
| 040 |
_aDLC _cDLC _dDLC _beng |
||
| 042 | _alcac | ||
| 050 | 0 | 0 |
_aPZ7.W6957 _bWo 2002 |
| 082 | 0 | 0 |
_a[Fic] _222 |
| 100 | 1 | _aWilson, Jacqueline. | |
| 245 | 1 | 4 |
_aThe worry website / _cJacqueline Wilson ; illustrated by Nick Sharratt. |
| 250 | _aEdition published in 2003 | ||
| 260 |
_aLondon : _bDoubleday, _c2002. |
||
| 300 |
_a127 pages : _billustrations ; _c20 cm |
||
| 505 | _aP | ||
| 520 | _aMr. Speed creates a website on which his students can anonymously type their worries and get feedback from their classmates, which helps them sort out everything from pimples to stepfamily problems. | ||
| 521 | 8 |
_a650
_bLexile |
|
| 521 | 8 |
_aP
_bRaz-Plus |
|
| 650 | 1 |
_aWorry _vFiction. |
|
| 650 | 1 |
_aWeb sites _vFiction. |
|
| 650 | 1 |
_aSchools _vFiction. |
|
| 700 | 1 |
_aSharratt, Nick _eillustrator |
|
| 906 |
_a7 _bcbc _corigres _d3 _encip _f20 _gy-gencatlg |
||
| 942 |
_2ddc _cBK _n0 |
||
| 999 |
_c2357 _d2357 |
||